Possibility of linking a computer aided production system and a bills of quantity system (Record no. 88525)

MARC details
000 -LEADER
fixed length control field 00556cam a2200193 4500
001 - CONTROL NUMBER
control field D10504
008 - FIXED-LENGTH DATA ELEMENTS--GENERAL INFORMATION
fixed length control field 090401t1978 xxu||||| |||| 00| 0 eng d
035 ## - SYSTEM CONTROL NUMBER
System control number (Sirsi) u24313
041 ## - LANGUAGE CODE
Language code of text/sound track or separate title eng
050 ## - LIBRARY OF CONGRESS CALL NUMBER
Classification number 692.50285
100 ## - MAIN ENTRY--PERSONAL NAME
Personal name Davison, J.A.
245 ## - TITLE STATEMENT
Title Possibility of linking a computer aided production system and a bills of quantity system
260 ## - PUBLICATION, DISTRIBUTION, ETC.
Date of publication, distribution, etc. 1978
350 ## - PRICE (NR) (BK AM CF MU VM SE) [OBSOLETE]
Price 0
520 ## - SUMMARY, ETC.
Summary, etc. In: RICS. Computer aided design. Q.S. (Research and Development) Forum...1978 1978/54A
700 ## - ADDED ENTRY--PERSONAL NAME
Personal name Hawkins, M.J.
942 ## - ADDED ENTRY ELEMENTS (KOHA)
Suppress in OPAC 0
948 ## - LOCAL PROCESSING INFORMATION (OCLC); SERIES PART DESIGNATOR (RLIN)
c (OCLC) 04/03/1997
Holdings
Withdrawn status Lost status Source of classification or shelving scheme Damaged status Not for loan Home library Current library Shelving location Date acquired Total Checkouts Full call number Barcode Date last seen Copy number Price effective from Koha item type
    Other/Generic Classification Scheme     London London RICS Boxes 09/01/1992   RICS 1978/54 30026159 06/08/2019 1 06/08/2019 Reference material